[Event "9th Parsvnath Open"]
[Site "New Delhi IND"]
[Date "2011.01.10"]
[Round "4"]
[White "Kaushik,S"]
[Black "Lenic,L"]
[Result "0-1"]
[WhiteElo "2154"]
[BlackElo "2613"]

1.e4 e5 2.Nf3 Nc6 3.Bb5 a6 4.Ba4 Nf6 5.O-O b5 6.Bb3 Bb7 7.Re1 Bc5 8.c3 d6
9.d4 Bb6 10.a4 h6 11.Na3 O-O 12.Bc2 Re8 13.d5 Ne7 14.h3 c6 15.c4 b4 16.Nb1 Ng6
17.Nbd2 a5 18.Nf1 Nh5 19.Be3 Ngf4 20.Qd2 Bxe3 21.fxe3 Qb6 22.Qf2 Ng6 23.b3 Nf6
24.Nh4 Nxh4 25.Qxh4 Qd8 26.Rad1 Rc8 27.Bb1 Nd7 28.Qg4 Nc5 29.Bc2 Qg5 30.Qxg5 hxg5
31.Ng3 g6 32.Rf1 Kf8 33.Nh1 Ke7 34.Nf2 Rf8 35.g4 cxd5 36.exd5 f5 37.e4 fxg4
38.Nxg4 Rf4 39.Rxf4 gxf4 40.Kg2 Rh8 41.Rh1 Bc8 42.Nf2 Rh4 43.Kf3 g5 44.Kg2 Bd7
45.Bd1 Be8 46.Re1 Bg6 47.Bc2 Bh5 48.Rh1 Kf6 49.Rh2 Ke7 50.Rh1 Be2 51.Re1 g4
52.hxg4 Bxg4 53.Rg1 Be2 54.Re1 Bg4 55.Rg1 Kf6 56.Rf1 Kg5 57.Re1 Nd7 58.Rg1 f3+
59.Kf1 Nc5 60.Ke1 Kf4 61.Kd2 Bh5 62.Rh1 Rxh1 63.Nxh1 Bg6 64.Nf2  0-1

[Event "I Antonio Rocha Mem"]
[Site "Campinas BRA"]
[Date "2011.01.14"]
[Round "2.7"]
[White "De Nucci,G"]
[Black "Saldano Dayer,H"]
[Result "1/2-1/2"]
[WhiteElo "2066"]
[BlackElo "2401"]

1.e4 e5 2.Nf3 Nc6 3.Bb5 a6 4.Ba4 Nf6 5.O-O b5 6.Bb3 Bb7 7.Re1 Bc5 8.c3 d6
9.d4 Bb6 10.a4 O-O 11.axb5 axb5 12.Rxa8 Qxa8 13.Bg5 Nd7 14.Na3 exd4 15.Nxb5 dxc3
16.Nxc3 Nde5 17.Nd5 Nxf3+ 18.Qxf3 Nd4 19.Qg4 Bxd5 20.Bh6 Ne2+ 21.Kf1 Bd4
22.Bxd5 c6 23.Bc4 Kh8 24.Bd2 Qb8 25.Qxe2 d5 26.exd5 Qxh2 27.Qe7 Kg8 28.dxc6 Qh1+
29.Ke2 Qxg2 30.c7 Qc6 31.Kd3 Bc5 32.Qd8 Bb6 33.Qd5 Qxc7 34.Kc2 Bxf2 35.Re2 Bc5
36.Bc3 Kh8 37.Rg2 f6 38.Qf5 Qc8 39.Be6 Qb7 40.Rh2 h6  1/2-1/2

[Event "TCh-SVK Extraliga 2010-11"]
[Site "Kezmarok CZE"]
[Date "2011.01.15"]
[Round "3.8"]
[White "Kukla,T"]
[Black "Tropp,L"]
[Result "0-1"]
[WhiteElo "1852"]
[BlackElo "2029"]

1.e4 e5 2.Nf3 Nc6 3.Bb5 a6 4.Ba4 Nf6 5.O-O b5 6.Bb3 Bb7 7.Re1 Bc5 8.c3 d6
9.d4 Bb6 10.Bg5 Qe7 11.a4 h6 12.Bxf6 Qxf6 13.axb5 axb5 14.Rxa8+ Bxa8 15.Na3 exd4
16.e5 dxe5 17.Nxe5 Nxe5 18.cxd4 O-O 19.Rxe5 c5 20.Qg4 cxd4 21.Rf5 Qe7 22.h4 Bc7
23.f4 Qe3+ 24.Kh2 Qxb3 25.Rf6 Qxb2  0-1

[Event "B2 Masters"]
[Site "Marianske Lazne CZE"]
[Date "2011.01.17"]
[Round "3"]
[White "Vlasak,Lu"]
[Black "Havlikova,K"]
[Result "1/2-1/2"]
[WhiteElo "2238"]
[BlackElo "2297"]

1.e4 e5 2.Nf3 Nc6 3.Bb5 a6 4.Ba4 Nf6 5.O-O b5 6.Bb3 Bb7 7.d3 Be7 8.Nc3 d6
9.a4 b4 10.Nd5 O-O 11.c3 bxc3 12.bxc3 Na5 13.Nxe7+ Qxe7 14.Ba2 c5 15.Nh4 d5
16.Nf5  1/2-1/2

[Event "3rd Chennai Open"]
[Site "Chennai IND"]
[Date "2011.01.23"]
[Round "8"]
[White "Ni Hua"]
[Black "Zherebukh,Y"]
[Result "1-0"]
[WhiteElo "2645"]
[BlackElo "2565"]

1.e4 e5 2.Nf3 Nc6 3.Bb5 a6 4.Ba4 Nf6 5.O-O b5 6.Bb3 Bb7 7.d3 Be7 8.a4 O-O
9.Re1 d6 10.Nbd2 Na5 11.Ba2 c5 12.Nf1 b4 13.Bg5 Kh8 14.Ne3 Ng8 15.Bxe7 Qxe7
16.c3 bxc3 17.bxc3 Nh6 18.Rb1 Rab8 19.Qd2 Bc6 20.Nd5 Qa7 21.d4 f6 22.Rxb8 Qxb8
23.Rb1 Qd8 24.Qe2 exd4 25.cxd4 f5 26.dxc5 dxc5 27.Ne5 Bxa4 28.Rb6 Bb5 29.Rxh6 Qg5
30.Qe3 Qxh6 31.Qxc5 g6 32.Nf4 fxe4 33.Qc3 Qg7 34.Ne6 e3 35.Nxg6+  1-0

[Event "73rd Tata Steel GMC"]
[Site "Wijk aan Zee NED"]
[Date "2011.01.29"]
[Round "12"]
[White "Bok,B"]
[Black "Pruijssers,R"]
[Result "1-0"]
[WhiteElo "2453"]
[BlackElo "2484"]

1.e4 e5 2.Nf3 Nc6 3.Bb5 a6 4.Ba4 Nf6 5.O-O b5 6.Bb3 Bb7 7.d3 Bc5 8.Nc3 d6
9.a4 b4 10.Nd5 Nxd5 11.Bxd5 O-O 12.c3 bxc3 13.bxc3 Na5 14.Bxb7 Nxb7 15.d4 exd4
16.cxd4 Bb4 17.Qc2 Re8 18.Rb1 a5 19.Bd2 c5 20.dxc5 dxc5 21.e5 h6 22.Qe4 Qe7
23.Rfd1 Rac8 24.Rbc1 Red8 25.g3 Rc7 26.Bf4 Rcd7 27.Rxd7 Rxd7 28.Nh4 Rd4 29.Qf3 Qd7
30.Be3 Qd5 31.Bxd4 Qxf3 32.Nxf3 cxd4 33.Rc8+ Kh7 34.Nxd4 Nc5 35.Nc2  1-0

[Event "Moscow Open F Women"]
[Site "Moscow RUS"]
[Date "2011.01.31"]
[Round "3.23"]
[White "Severiukhina,Z"]
[Black "Kostitsina,L"]
[Result "1-0"]
[WhiteElo "2312"]
[BlackElo "1930"]

1.e4 e5 2.Nf3 Nc6 3.Bb5 a6 4.Ba4 Nf6 5.O-O b5 6.Bb3 Bb7 7.Re1 Bc5 8.c3 d6
9.d4 Bb6 10.h3 O-O 11.Be3 Re8 12.Nbd2 Rb8 13.d5 Bxe3 14.Rxe3 Ne7 15.a4 Ng6
16.axb5 axb5 17.c4 b4 18.c5 dxc5 19.Nc4 Nd7 20.Ra7 Nb6 21.Na5 Ba8 22.Nd2 Ne7
23.Qc2 Nec8 24.Ra6 Qe7 25.Re1 Bb7 26.Nxb7 Rxb7 27.Rc1 Nd7 28.Ba4 Ncb6 29.Bc6 Rbb8
30.Nb3 c4 31.Na5 Nc5 32.Ra7 Nc8 33.Bxe8 Nxa7 34.Qxc4 Nxe4 35.Bxf7+ Qxf7 36.Qxe4 Rb5
37.Nc6 Nxc6 38.dxc6 Qf4 39.Qxf4 exf4 40.Rd1 Rf5 41.Rd8+ Rf8 42.Rd7 Rf7 43.Kf1 b3
44.Ke2 Kf8 45.Rd8+ Ke7 46.Rd3 g5 47.Kf3 Ke6 48.Kg4 h6 49.Kh5 Rf6 50.Rd7 Ke5
51.Rxc7 Ke4 52.Rc8 Kd5 53.c7 Kc6 54.Rh8 Kxc7 55.Rh7+ Kc8 56.Rxh6 Rf5 57.Rb6 f3
58.g4  1-0

[Event "16th HIT Open"]
[Site "Nova Gorica SLO"]
[Date "2011.01.31"]
[Round "6"]
[White "Brank,Bine"]
[Black "Vidic,Teja"]
[Result "1/2-1/2"]
[WhiteElo "1876"]
[BlackElo "1766"]

1.e4 e5 2.Nf3 Nc6 3.Bb5 a6 4.Ba4 Nf6 5.O-O b5 6.Bb3 Bb7 7.c3 Nxe4 8.d4 exd4
9.Re1 d5 10.Ng5 Qd7 11.f3 h6 12.Nh3 O-O-O 13.fxe4 dxe4 14.cxd4 Nxd4 15.Be3 Nf3+
16.gxf3 Qxh3 17.Qc2 exf3 18.Qf2 f5 19.Ba7 Qg4+ 20.Kf1 Qh3+ 21.Kg1 Qg4+ 22.Kf1 Qh3+
23.Kg1  1/2-1/2

[Event "TCh-BEL 2010-11"]
[Site "Amay BEL"]
[Date "2011.02.06"]
[Round "8.3"]
[White "Burg,T"]
[Black "Geenen,M"]
[Result "1/2-1/2"]
[WhiteElo "2455"]
[BlackElo "2300"]

1.e4 e5 2.Nf3 Nc6 3.Bb5 a6 4.Ba4 Nf6 5.O-O b5 6.Bb3 Bb7 7.c3 Nxe4 8.d4 exd4
9.Re1 d5 10.Ng5 Qf6 11.f3 Bc5 12.Kh1 h6 13.Nxf7 Qxf7 14.Rxe4+ Kd7 15.cxd4 Bd6
16.f4 Na5 17.Qg4+ Kc6 18.Re2 Nxb3 19.axb3 Rae8 20.Nc3 Rxe2 21.Nxe2 Re8 22.Bd2 Qe6
23.Qxe6 Rxe6 24.Re1 Re4 25.Kg1 Bc8 26.h3 h5 27.Kf2 h4 28.Be3 b4 29.Kf3 Be7
30.Rd1 Bf6 31.Kf2 Bf5 32.Ng1 Re6 33.Nf3 Kb7 34.Ne5 Bc2 35.Rc1 Bxb3 36.f5 Rxe5
37.dxe5 Bxe5 38.Bg5 a5 39.Be3  1/2-1/2

[Event "ch-TUR"]
[Site "Kemer-Antalya TUR"]
[Date "2011.02.06"]
[Round "2"]
[White "Erilli,N"]
[Black "Yildiz,B"]
[Result "0-1"]
[WhiteElo "1916"]
[BlackElo "2237"]

1.e4 e5 2.Nf3 Nc6 3.Bb5 a6 4.Ba4 Nf6 5.O-O b5 6.Bb3 Bb7 7.d3 Be7 8.a4 O-O
9.Re1 h6 10.Nbd2 Re8 11.Nf1 Bf8 12.Ng3 Na5 13.Ba2 c5 14.h3 d5 15.exd5 Bxd5
16.Bxd5 Qxd5 17.axb5 axb5 18.Qe2 Nd7 19.Bd2 Nc6 20.Qe4 Qxe4 21.Nxe4 Nd4 22.Nxd4 cxd4
23.g4 f6 24.Kg2 Nb6 25.Bxh6 Rec8 26.Rxa8 Nxa8 27.Bd2 Rxc2 28.Ra1 Nb6 29.Ra6 Nd5
30.Ra8 Rxb2 31.Rd8 Nc7 32.Nxf6+ gxf6  0-1

[Event "ch-TUR"]
[Site "Kemer-Antalya TUR"]
[Date "2011.02.08"]
[Round "5.4"]
[White "Isik,E"]
[Black "Ozturk,Ku"]
[Result "1/2-1/2"]
[WhiteElo "2191"]
[BlackElo "2266"]

1.e4 e5 2.Nf3 Nc6 3.Bb5 a6 4.Ba4 Nf6 5.O-O b5 6.Bb3 Bb7 7.d3 Be7 8.Nc3 O-O
9.a4 b4 10.Nd5 Nxd5 11.Bxd5 d6 12.c3 bxc3 13.bxc3 Qd7 14.Rb1 Rab8 15.Be3 Nd8
16.Bc4 Ra8 17.Qc2 Bc6 18.Ra1 Qg4 19.h3 Qg6 20.Nh2 Ne6 21.Bd5 Bxd5 22.exd5 Ng5
23.Bxg5 Bxg5 24.Rab1 Rac8 25.c4 c6 26.dxc6 Rxc6 27.Qb3 h6 28.Rfe1 Rfc8 29.Nf1 Kh7
30.Ne3  1/2-1/2

[Event "1st Open"]
[Site "Cento ITA"]
[Date "2011.02.10"]
[Round "6"]
[White "Simonian,H"]
[Black "Buriani,A"]
[Result "1/2-1/2"]
[WhiteElo "2475"]
[BlackElo "2171"]

1.e4 e5 2.Nf3 Nc6 3.Bb5 a6 4.Ba4 Nf6 5.O-O b5 6.Bb3 Bb7 7.d3 Be7 8.Nc3 O-O
9.a4 b4 10.Nd5 Na5 11.c4 bxc3 12.bxc3 Nxb3 13.Qxb3 Rb8 14.Nxe7+ Qxe7 15.Ba3 d6
16.Qc4 Bc8 17.Rfb1 Rxb1+ 18.Rxb1 Nh5 19.Bc1 h6 20.Rb8 Kh7 21.Qc6 Nf6 22.a5 Re8
23.Be3 Rd8 24.c4 Ng4 25.Bd2 f5 26.exf5 Bxf5 27.Rxd8 Qxd8 28.Qxa6 Bxd3 29.Qb7 e4
30.h3 Nxf2 31.Ne1 Qh4 32.Qa7 Nd1 33.Nxd3 exd3 34.a6 Qxc4 35.Qb7 Qc5+ 36.Kh2 Qe5+
37.Kg1 Qc5+ 38.Kh2 Qe5+ 39.Kg1 Qc5+  1/2-1/2

[Event "1st Open"]
[Site "Cento ITA"]
[Date "2011.02.12"]
[Round "8"]
[White "Campini,M"]
[Black "Buriani,A"]
[Result "1-0"]
[WhiteElo "2086"]
[BlackElo "2171"]

1.e4 e5 2.Nf3 Nc6 3.Bb5 a6 4.Ba4 Nf6 5.O-O b5 6.Bb3 Bb7 7.Re1 Be7 8.c3 O-O
9.d4 d6 10.Nbd2 exd4 11.cxd4 Nb4 12.Qe2 c5 13.a3 Nc6 14.d5 Ne5 15.Bc2 Nfd7
16.Nxe5 Nxe5 17.f4 Ng6 18.Nf3 Re8 19.Qf1 Bf6 20.Rb1 Qd7 21.Bd2 Re7 22.e5 dxe5
23.Bxg6 exf4 24.Rxe7 Qxe7 25.Bc2 c4 26.Bxf4 Bxd5 27.Qe1 Qb7 28.Qg3 Re8 29.Re1 Rxe1+
30.Qxe1 g6 31.Qe8+ Kg7 32.Qe3 h5 33.Be5 Bxe5 34.Qxe5+ Kg8 35.Kf2 Bxf3 36.gxf3 Qb6+
37.Ke2 Qg1 38.Kd2 Qf2+ 39.Qe2 Qd4+ 40.Kc1 Qg1+ 41.Bd1 Qg5+ 42.Qd2 Qf6 43.Kb1 Qf5+
44.Ka1 Qf6 45.Ka2 Qe6 46.Ka1 Qf6 47.f4 a5 48.Kb1 b4 49.Qe3 bxa3 50.bxa3 Qc6
51.a4 Qd7 52.Bc2 Qb7+ 53.Ka2 Qd5 54.Qe8+ Kh7 55.Qe4 Qd2 56.f5 gxf5 57.Qxf5+ Kg8
58.h3 Qc3 59.h4 Kf8 60.Qe4 Kg8 61.Kb1 Qb4+ 62.Kc1 Qc5 63.Kd1 Qg1+ 64.Kd2 Qc5
65.Ke2 Kf8 66.Kf3 Kg8 67.Kf4 c3 68.Qe8+  1-0

[Event "16th Lienz-Open 2011"]
[Site "Lienz AUT"]
[Date "2011.02.14"]
[Round "4"]
[White "Lanka,Z"]
[Black "Schnider,G"]
[Result "1-0"]
[WhiteElo "2468"]
[BlackElo "2349"]

1.e4 e5 2.Nf3 Nc6 3.Bb5 a6 4.Ba4 Nf6 5.O-O b5 6.Bb3 Bb7 7.d3 Be7 8.Nc3 O-O
9.h3 d6 10.a3 Nd4 11.Nxd4 exd4 12.Ne2 c5 13.Ng3 Bc8 14.Qf3 Be6 15.Nf5 Qd7
16.g4 Rac8 17.Bf4 c4 18.Ba2 Bxf5 19.gxf5 Qa7 20.Kh1 Rfd8 21.Rg1 Ne8 22.Rg4 Bf6
23.Rag1 Kh8 24.Qg3 Qe7 25.Bh6 g6 26.f4 Bg7 27.Rh4 Bf6 28.Rg4 Bg7 29.Bxg7+ Nxg7
30.fxg6 fxg6 31.f5 Nh5 32.Qf2 Qf6 33.Rg5 Rf8 34.Qh4 cxd3 35.cxd3 h6 36.Rxg6 Qxh4
37.Rxh6+  1-0

[Event "2nd Jerry Hanken Memorial"]
[Site "Stillwater USA"]
[Date "2011.02.19"]
[Round "2.1"]
[White "Vojinovic,G"]
[Black "Fernandez,Jai"]
[Result "1-0"]
[WhiteElo "2446"]
[BlackElo "1992"]

1.e4 e5 2.Nf3 Nc6 3.Bb5 a6 4.Ba4 Nf6 5.O-O b5 6.Bb3 Bb7 7.d3 Bc5 8.Nc3 d6
9.Nd5 Nxd5 10.Bxd5 Na5 11.Bxb7 Nxb7 12.c3 Qe7 13.d4 exd4 14.cxd4 Bb6 15.b3 c5
16.Bb2 O-O 17.Re1 Ba5 18.Re3 Rac8 19.Qe2 c4 20.bxc4 Rxc4 21.Qd3 Rfc8 22.Re2 Qc7
23.g3 Bc3 24.Kg2 Bxb2 25.Rxb2 Rc3 26.Qd1 Qc4 27.Rd2 Qe6 28.Qe2 h6 29.Re1 R8c4
30.d5 Qc8 31.Nd4 Qc5 32.Nf5 Kh7 33.e5 Rc2 34.e6 fxe6 35.dxe6 Rxd2 36.Qxd2 Qc6+
37.Kg1 Re4 38.e7 Rxe1+ 39.Qxe1 Qe8 40.Qe6  1-0

[Event "27th Open"]
[Site "Cappelle la Grande FRA"]
[Date "2011.03.01"]
[Round "5.87"]
[White "Kojima,S"]
[Black "Jeannette,V"]
[Result "1-0"]
[WhiteElo "2329"]
[BlackElo "1984"]

1.e4 e5 2.Nf3 Nc6 3.Bb5 a6 4.Ba4 b5 5.Bb3 Nf6 6.O-O Bb7 7.d3 Be7 8.a4 b4
9.Nbd2 O-O 10.Nc4 d6 11.a5 h6 12.Ne3 Re8 13.c3 Bf8 14.h3 Qd7 15.Nh4 Kh7 16.Qf3 bxc3
17.bxc3 Nd8 18.Rb1 c6 19.Nhf5 Ng8 20.Nc4 Rb8 21.Be3 Ne6 22.Rfd1 g6 23.Nfxd6 Bxd6
24.Nxd6 Qxd6 25.Qxf7+ Ng7 26.Ba7 Rf8 27.Bxb8 Rxb8 28.Bc4 Ne7 29.Rb3 g5 30.Rdb1 Qd7
31.Bxa6  1-0

[Event "ch-NCA 2011"]
[Site "Managua NCA"]
[Date "2011.03.19"]
[Round "7.6"]
[White "Fonseca Cabrera,E"]
[Black "Bravo,Will"]
[Result "1/2-1/2"]
[WhiteElo "2091"]
[BlackElo "2243"]

1.e4 e5 2.Nf3 Nc6 3.Bb5 a6 4.Ba4 Nf6 5.O-O b5 6.Bb3 Bb7 7.Re1 Bc5 8.c3 d6
9.d4 Bb6 10.a4 Qe7 11.axb5 axb5 12.Rxa8+ Bxa8 13.Na3 Na7 14.Bc2 O-O 15.Qe2 exd4
16.cxd4 Ba5 17.Bd2 Bxd2 18.Nxd2 b4 19.Nac4 d5 20.Ne5 Nxe4 21.Nxe4 dxe4 22.Bxe4 Bxe4
23.Qxe4  1/2-1/2

[Event "1st Armen Norouz Cup"]
[Site "Esfahan IRI"]
[Date "2011.03.26"]
[Round "3"]
[White "Godarz,Kasra"]
[Black "Derakhshani,Borna"]
[Result "1-0"]
[WhiteElo "2021"]
[BlackElo "1663"]

1.e4 e5 2.Nf3 Nc6 3.Bb5 a6 4.Ba4 Nf6 5.O-O b5 6.Bb3 Bb7 7.d4 exd4 8.e5 Ng4
9.Bxf7+ Kxf7 10.Ng5+ Kg8 11.Qxg4 h6 12.Nf3 Bc5 13.Nbd2 Bc8 14.Qe4 d5 15.exd6 Qxd6
16.Nb3 Bb6 17.Nfxd4 Bxd4 18.Nxd4 Bb7 19.Nf5 Qd7 20.Re1 Rf8 21.Ng3 Nd4 22.Qxb7 Nxc2
23.Be3 Nxa1 24.Rxa1 Kh7 25.Rc1 Rf7 26.Qxa6 Rd8 27.Qb7 h5 28.h4 g6 29.Qe4 Re8
30.Qb7 Qe7 31.Qxb5 Ra8 32.Qd5 Ra6 33.Ne4 Rf5 34.Ng5+ Kg7 35.Qb7  1-0

[Event "Korchnoi 80th Birthday Simul"]
[Site "Zuerich SUI"]
[Date "2011.03.26"]
[Round "1"]
[White "Korchnoi,V"]
[Black "Zuest,L"]
[Result "1-0"]
[WhiteElo "2557"]
[BlackElo "1787"]

1.e4 e5 2.Nf3 Nc6 3.Bb5 a6 4.Ba4 Nf6 5.O-O b5 6.Bb3 Bb7 7.d3 Bc5 8.Be3 Bb6
9.Bxb6 cxb6 10.Nc3 O-O 11.a3 d6 12.Re1 Ne7 13.d4 Ng6 14.Qd2 Qe7 15.Rad1 Rad8
16.Qg5 h6 17.Qxg6 d5 18.Qf5 dxe4 19.Nxe5 Qd6 20.h3 Qe7 21.Ng6  1-0

[Event "1st Armen Norouz Cup"]
[Site "Esfahan IRI"]
[Date "2011.03.28"]
[Round "6"]
[White "Shah Moradi,Mohammad"]
[Black "Derakhshani,Borna"]
[Result "1-0"]
[WhiteElo "2021"]
[BlackElo "1663"]

1.e4 e5 2.Nf3 Nc6 3.Bb5 a6 4.Ba4 Nf6 5.O-O b5 6.Bb3 Bb7 7.Re1 Bc5 8.c3 d6
9.d4 Bb6 10.h3 O-O 11.Bg5 h6 12.Bh4 Kh8 13.Qd3 b4 14.Nbd2 bxc3 15.bxc3 g5
16.Bg3 Qe7 17.Nf1 Na5 18.dxe5 dxe5 19.Bxe5 Rad8 20.Qc2 c5 21.c4 Nc6 22.Bb2 Ba5
23.Red1 Kg8 24.e5 Nd7 25.Qf5 Rfe8 26.Bc2 Nf8 27.Ng3 Ng6 28.Nh5 Rxd1+ 29.Rxd1 Rd8
30.Nf6+ Kg7 31.Nh5+ Kg8 32.Rxd8+ Bxd8 33.e6 Qxe6 34.Qxe6 fxe6 35.Bxg6 Ne7
36.Nf6+ Kf8 37.Be4 Bc8 38.Ne5  1-0

[Event "Karposh Open"]
[Site "Skopje MKD"]
[Date "2011.04.03"]
[Round "3"]
[White "Cvetkovski,S"]
[Black "Kizov,A"]
[Result "0-1"]
[WhiteElo "1972"]
[BlackElo "2399"]

1.e4 e5 2.Nf3 Nc6 3.Bb5 a6 4.Ba4 Nf6 5.O-O b5 6.Bb3 Bb7 7.Re1 Bc5 8.c3 d6
9.d3 h6 10.Be3 O-O 11.Nbd2 Bxe3 12.Rxe3 d5 13.Bc2 Re8 14.Nf1 Qd7 15.Ng3 Rad8
16.Qe1 d4 17.Re2 g6 18.a4 Kg7 19.cxd4 Nxd4 20.Nxd4 Qxd4 21.Qc3 Qb6 22.a5 Qd6
23.b4 Qd4 24.Qxd4 Rxd4 25.Rb1 c5 26.bxc5 Rc8 27.Nf1 Rxc5 28.Ne3 Rc3 29.Ra1 Nd7
30.Nd1 Rc7 31.f3 Nc5 32.Nb2 Ne6 33.Nd1 Rd8 34.Ne3 Nd4 35.Rd2 Bc8 36.Ra2 Be6
37.Rb2 Rc3 38.Kf2 Ra3 39.g3 Rxa5 40.f4 f6 41.fxe5 fxe5 42.Bd1 Ra1 43.Nc2 Rc1
44.Nxd4 Rxd4 45.Ke3 Rc3 46.h4 b4 47.g4 b3 48.Be2 a5 49.Rd1 a4 50.Ra1 Rc8
51.g5 hxg5 52.hxg5 Ra8 53.Ra3 Rh8 54.Kf2 Rh1 55.Rd2 Kf8 56.Kg2 Rc1 57.Kf2 Ke7
58.Ke3 Kd6 59.Rb2 Kc5 60.Kd2 Rg1 61.Kc3 Bd7 62.Rd2 Bb5 63.Bd1 Rxg5 64.Bxb3 axb3
65.Rxb3 Rg3  0-1

[Event "10th Weiz City Open"]
[Site "Weiz AUT"]
[Date "2011.04.09"]
[Round "3"]
[White "Winiwarter,F"]
[Black "Schnider,G"]
[Result "0-1"]
[WhiteElo "2174"]
[BlackElo "2357"]

1.e4 e5 2.Nf3 Nc6 3.Bb5 a6 4.Ba4 Nf6 5.O-O b5 6.Bb3 Bb7 7.d4 exd4 8.e5 Ne4
9.Bd5 Nc5 10.Nxd4 Nxd4 11.Bxb7 Nxb7 12.Qxd4 Bc5 13.Qg4 Rg8 14.Nc3 Qe7 15.Bg5 Qe6
16.Qe4 Rb8 17.Qxh7 Kf8 18.Rae1 Bb4 19.f4 Bxc3 20.bxc3 Qg6 21.Qh4 f6 22.exf6 gxf6
23.Qh3 Nc5 24.Bh6+ Kf7 25.f5 Qg4 26.Qxg4 Rxg4 27.Rf4 Rbg8 28.Rxg4 Rxg4 29.h3 Rc4
30.Re3 Rh4 31.g4 Rxh6 32.Kg2 Rh8 33.Kg3 Re8 34.Rxe8 Kxe8 35.Kf4 Na4 36.g5 Nxc3
37.h4 Kf7  0-1

[Event "Vorobets Memorial"]
[Site "Lviv UKR"]
[Date "2011.04.10"]
[Round "5"]
[White "Menzi,N"]
[Black "Huda,Mary"]
[Result "1-0"]
[WhiteElo "1868"]
[BlackElo "2217"]

1.e4 e5 2.Nf3 Nc6 3.Bb5 a6 4.Ba4 Nf6 5.O-O b5 6.Bb3 Bb7 7.Re1 Bc5 8.c3 d6
9.d4 Bb6 10.Be3 O-O 11.Nbd2 h6 12.h3 Re8 13.d5 Ne7 14.Bxb6 cxb6 15.Bc2 Ng6
16.Bd3 Nf4 17.Bf1 Bc8 18.a4 bxa4 19.Rxa4 g5 20.b4 g4 21.hxg4 Nxg4 22.g3 b5
23.Ra2 Nh5 24.Bxb5 Qb6 25.Nd4 Rf8 26.Nc4 Qc7 27.Ne6 fxe6 28.Qxg4+ Ng7 29.Bc6 Ra7
30.Qg6 h5 31.Rea1 Bb7 32.b5 Bxc6 33.dxc6 Raa8 34.Rxa6 Rxa6 35.Rxa6 d5 36.exd5 exd5
37.b6 Qe7 38.Ra7  1-0

[Event "Norsk Open A"]
[Site "Fagernes NOR"]
[Date "2011.04.17"]
[Round "4"]
[White "Solodovnichenko,Y"]
[Black "Getz,N"]
[Result "1/2-1/2"]
[WhiteElo "2577"]
[BlackElo "2333"]

1.e4 e5 2.Nf3 Nc6 3.Bb5 a6 4.Ba4 Nf6 5.O-O b5 6.Bb3 Bb7 7.c3 Nxe4 8.d4 exd4
9.Re1 d5 10.Ng5 Qf6 11.Bxd5 Qxf2+ 12.Kh1 O-O-O 13.Nxe4 Qf5 14.Bxc6  1/2-1/2

[Event "12th TCh-RUS Women"]
[Site "Olginka RUS"]
[Date "2011.04.21"]
[Round "5"]
[White "Ivkina,O"]
[Black "Pogonina,N"]
[Result "1/2-1/2"]
[WhiteElo "2289"]
[BlackElo "2446"]

1.e4 e5 2.Nf3 Nc6 3.Bb5 a6 4.Ba4 Nf6 5.O-O b5 6.Bb3 Bb7 7.Re1 Bc5 8.c3 O-O
9.d4 Bb6 10.d5 Na5 11.Bc2 d6 12.Nbd2 c6 13.b4 Nc4 14.Nxc4 bxc4 15.Bg5 h6
16.Bh4 Rc8 17.Qd2 Qe7 18.Kh1 Rfe8 19.Rad1 Red8 20.a4 Kh8 21.a5 Ba7 22.Ba4 cxd5
23.exd5 Rg8 24.Bd7 Qxd7 25.Bxf6 Kh7 26.Qc2+ Kh8 27.Bxe5 Rge8 28.Bg3 Rxe1+
29.Nxe1 Re8 30.Nf3 Qe7 31.h3 Qf6 32.Qa4 Re2 33.Nd4 Bxd4 34.Rxd4 Bc8 35.Qc6 Bxh3
36.Qxd6 Qf5 37.Kh2 Bg4 38.Qd8+ Kh7 39.d6 f6 40.Bf4 Qh5+ 41.Kg3 Be6 42.Be3 Re1
43.Qe7  1/2-1/2

[Event "34th Open"]
[Site "Donostia ESP"]
[Date "2011.04.22"]
[Round "8"]
[White "Huerga Leache,M"]
[Black "Hansen,TR"]
[Result "1/2-1/2"]
[WhiteElo "2440"]
[BlackElo "2459"]

1.e4 e5 2.Nf3 Nc6 3.Bb5 a6 4.Ba4 Nf6 5.O-O b5 6.Bb3 Bb7 7.d3 Be7 8.Re1 O-O
9.a3 Re8 10.Ng5 Rf8 11.Nf3 Re8 12.Nbd2 Bf8 13.Nf1 h6 14.Ne3 Na5 15.Ba2 c5
16.Nh4 c4 17.Bd2 Rc8 18.Ng4 Nc6 19.Nf5 Nd4 20.Nxe5 Nxf5 21.exf5 Rc5 22.Nf3 Rxe1+
23.Bxe1 Rxf5 24.dxc4 Rxf3 25.gxf3 Nh5 26.Qd4 Bxf3 27.Bd2 d5 28.Be3 Qd7 29.Kf1 Qh3+
30.Ke1 bxc4 31.Kd2 Nf6 32.Re1 Bc5 33.Qe5 Bd6 34.Qd4 Qxh2 35.Kc1 Ng4 36.Kb1 h5
37.Qa7 Nxe3 38.Qxe3 Qf4 39.b4 h4 40.Qe8+ Kh7 41.Qd7 Bg2 42.Rg1 h3 43.Rxg2 hxg2
44.Qh3+ Kg8 45.Qxg2 Qd4 46.Qf3 Be5 47.c3 Qd2 48.Qe3 Qxe3 49.fxe3 g5 50.Kc2 g4
51.Kd2 Bxc3+ 52.Ke2 Kg7 53.e4 dxe4 54.Bxc4 Bb2 55.Bxa6 Bxa3 56.Bc8 Kf6 57.Bxg4 Bxb4
58.Bh5 Ke6 59.Bxf7+ Kxf7 60.Ke3 Bc5+ 61.Kxe4  1/2-1/2

[Event "2nd Lille Open"]
[Site "Lille FRA"]
[Date "2011.04.29"]
[Round "6.3"]
[White "Riff,JN"]
[Black "Ovsejevitsch,S"]
[Result "1-0"]
[WhiteElo "2499"]
[BlackElo "2586"]

1.e4 e5 2.Nf3 Nc6 3.Bb5 a6 4.Ba4 Nf6 5.O-O b5 6.Bb3 Bb7 7.d3 Be7 8.Re1 d6
9.a3 O-O 10.Nbd2 Qd7 11.Nf1 Rae8 12.Ne3 Bd8 13.Bd2 Ne7 14.a4 c6 15.axb5 axb5
16.Nh4 Kh8 17.Nhf5 g6 18.Nxe7 Qxe7 19.c4 Bb6 20.cxb5 cxb5 21.Rf1 Bd4 22.Nc2 Bb6
23.Bg5 Ra8 24.Rxa8 Rxa8 25.Ne3 h5 26.Bd5 Kg7 27.Qf3  1-0

[Event "ch-UKR semi-final"]
[Site "Alushta UKR"]
[Date "2011.05.08"]
[Round "6.53"]
[White "Baranovsky,Sergey"]
[Black "Kigel,D"]
[Result "0-1"]
[WhiteElo "1980"]
[BlackElo "2198"]

1.e4 e5 2.Nf3 Nc6 3.Bb5 a6 4.Ba4 Nf6 5.O-O b5 6.Bb3 Bb7 7.Re1 Bc5 8.c3 d6
9.d4 Bb6 10.Bg5 h6 11.Bh4 Qd7 12.a4 O-O-O 13.axb5 axb5 14.Na3 g5 15.Bg3 exd4
16.Nxb5 dxc3 17.Nxc3 Rhg8 18.Nd5 Nxd5 19.Bxd5 h5 20.h4 gxh4 21.Bxh4 Qh3 22.Bg5 Qg3
23.Qd2 Qg4 24.Qf4 Rdf8 25.Rac1 Qxf4 26.Bxf4 Nb4 27.Bxb7+ Kxb7 28.Rc3 Ra8
29.Be3 Bxe3 30.Rexe3 Nc6 31.Rb3+ Kc8 32.Ra3 Rb8 33.Reb3 Kd7 34.Kf1 Rge8 35.Nd2 Nd4
36.Rxb8 Rxb8 37.Rd3 c5 38.b3 Ra8 39.g3 f5 40.exf5 Nxf5 41.Nf3 Ra3 42.Ne5+ Ke6
43.Nc4 Ra2 44.Rd2 Ra1+ 45.Kg2 Nd4 46.Rb2 Rc1 47.Ne3 d5 48.Nf1 Rc3 49.Nd2 Rd3
50.Kf1 Kd6 51.Kg2 Kc6 52.Kh3 Kb5 53.Kh4 Rxd2 54.Rxd2 Nf3+ 55.Kxh5 Nxd2 56.f4 c4
57.bxc4+ dxc4 58.f5 Ne4 59.g4 c3 60.g5 c2 61.f6 c1=Q 62.Kg6 Qxg5+ 63.Kf7 Qxf6+
64.Kg8 Qe7  0-1

[Event "ch-Euro Indiv Women"]
[Site "Tbilisi GEO"]
[Date "2011.05.08"]
[Round "2"]
[White "Bodnaruk,A"]
[Black "Motycakova,M"]
[Result "1-0"]
[WhiteElo "2419"]
[BlackElo "2107"]

1.e4 e5 2.Nf3 Nc6 3.Bb5 a6 4.Ba4 Nf6 5.O-O b5 6.Bb3 Bb7 7.d3 Be7 8.c3 O-O
9.Re1 d6 10.Nbd2 Na5 11.Bc2 c5 12.Nf1 Re8 13.Ng3 g6 14.d4 Bf8 15.b3 Nc6 16.d5 Ne7
17.h3 Bg7 18.Nh2 Kh8 19.f4 exf4 20.Bxf4 Nd7 21.Bxd6 Bxc3 22.Rf1 f6 23.Ng4 Ng8
24.Rb1 Bd4+ 25.Kh1 Ne5 26.Bxe5 Bxe5 27.Nxe5 Rxe5 28.Ne2 Qd6 29.Nf4 Bc8 30.b4 cxb4
31.Qd4 a5 32.Nd3 Re7 33.Rbe1 Kg7 34.e5 fxe5 35.Nxe5 Nf6 36.Ng4 Ra6 37.Rxf6 Rxe1+
38.Rf1+  1-0

[Event "ch-UKR semi-final"]
[Site "Alushta UKR"]
[Date "2011.05.10"]
[Round "8.52"]
[White "Kabachienko,A"]
[Black "Kigel,D"]
[Result "0-1"]
[WhiteElo "2078"]
[BlackElo "2198"]

1.e4 e5 2.Nf3 Nc6 3.Bb5 a6 4.Ba4 Nf6 5.O-O b5 6.Bb3 Bb7 7.Re1 Bc5 8.c3 d6
9.d4 Bb6 10.Be3 h6 11.h3 O-O 12.Nbd2 exd4 13.cxd4 Nb4 14.Qb1 c5 15.a3 Nc6
16.e5 dxe5 17.dxc5 Ba5 18.Rd1 Qe7 19.Nh4 Nd4 20.Ng6 Qxc5 21.Nxf8 Rxf8 22.Qa2 Bb6
23.Re1 Ba8 24.Kh2 Qc6 25.f3 Qd6 26.Bxd4 Bxd4 27.Ne4 Bxe4 28.fxe4 Qe7 29.g3 Nh7
30.Rf1 Ng5 31.Bd5 Qd7 32.g4 Be3 33.b3 Bf4+ 34.Kg2 h5 35.Qe2 Rc8 36.h4 Ne6
37.Bxe6 Qxe6 38.gxh5 Rc3 39.b4 Qh3+ 40.Kf2 Qg3+  0-1

[Event "ch-Euro Indiv Women"]
[Site "Tbilisi GEO"]
[Date "2011.05.10"]
[Round "4"]
[White "Nemcova,Kat"]
[Black "Pogonina,N"]
[Result "1-0"]
[WhiteElo "2294"]
[BlackElo "2448"]

1.e4 e5 2.Nf3 Nc6 3.Bb5 a6 4.Ba4 Nf6 5.O-O b5 6.Bb3 Bb7 7.d3 Be7 8.Re1 O-O
9.a4 h6 10.Nc3 Na5 11.Ba2 b4 12.Ne2 d5 13.exd5 Nxd5 14.c4 bxc3 15.bxc3 Bd6
16.Rb1 Bc6 17.Bd2 Nb6 18.Ng3 Bxa4 19.Qc1 Nd7 20.Bxh6 gxh6 21.Re4 Bc6 22.Qxh6 Bxe4
23.Nh5  1-0

[Event "ch-Euro Indiv Women"]
[Site "Tbilisi GEO"]
[Date "2011.05.10"]
[Round "4"]
[White "Lauterbach,I"]
[Black "Ozturk,Ku"]
[Result "1/2-1/2"]
[WhiteElo "2100"]
[BlackElo "2262"]

1.e4 e5 2.Nf3 Nc6 3.Bb5 a6 4.Ba4 Nf6 5.O-O b5 6.Bb3 Bb7 7.d3 Be7 8.Re1 O-O
9.a4 d6 10.Nbd2 h6 11.Nf1 Re8 12.Bd2 Bf8 13.c4 b4 14.a5 Nd7 15.Ba4 Ndb8 16.Qc2 Nd4
17.Nxd4 exd4 18.Bxe8  1/2-1/2